000
00196 a2200097 4500
001
18182
100
_a
A G A
245
_a
Gas turbine manual
260
_a
_b
Indus Press
_c
090
_c
13476
_d
13476
942
_a
NUST-CAE
_c
M
_c
3865
999
_c
253255
_d
253255